LEADER 01177nam--2200385---450- 001 990001296950203316 005 20040202151214.0 010 $a0-8247-4124-2 035 $a000129695 035 $aUSA01000129695 035 $a(ALEPH)000129695USA01 035 $a000129695 100 $a20031203d2003----km-y0enga50------ba 101 0 $aeng 102 $aUS 105 $aa|||z|||001yy 200 1 $aOphthalmic drug delivery system$fedited by Ashim K. Mitra 205 $a2. ed., rev. and expanded 210 $aNew York$aBasel$cM. Dekker$dcopyr. 2003 215 $aXIV, 727 p.$cill.$d23 cm 225 2 $aDrugs and the pharmaceutical sciences$v130 410 0$12001$aDrugs and the pharmaceutical sciences 606 0 $aMedicinali oftalmici 676 $a617.7061 702 1$aMITRA,$bAshim K. 801 0$aIT$bsalbc$gISBD 912 $a990001296950203316 951 $a617.7061 OPH (A)$b3592 Farm.$c617$d00092380 959 $aBK 969 $aFAR 979 $aMARIA$b10$c20031203$lUSA01$h1032 979 $aPAOLA$b90$c20040202$lUSA01$h1512 979 $aPATRY$b90$c20040406$lUSA01$h1732 996 $aOphthalmic drug delivery system$9929605 997 $aUNISA LEADER 03900nam 2200709 a 450 001 9910765702203321 005 20250704110855.0 010 $a9781449290832 010 $a1449290833 035 $a(CKB)2670000000389484 035 $a(MiAaPQ)EBC3212683 035 $a(OCoLC)929586939 035 $a(FlNmELB)ELB69604 035 $a(OCoLC)944919083 035 $a(MdBmJHUP)musev2_112997 035 $a(MiAaPQ)EBC31779190 035 $a(Au-PeEL)EBL31779190 035 $a(ScCtBLL)bca0be5a-dc08-4c80-9d25-6addf89a7dac 035 $a(OCoLC)963586626 035 $a(OCoLC)1470851899 035 $a(Perlego)1582014 035 $a(NyNyDIG)DIGUDROS0812 035 $a(EXLCZ)992670000000389484 100 $a20130830d2012 uy 0 101 0 $aspa 135 $aurcn||||||||| 181 $ctxt$2rdacontent 182 $cc$2rdamedia 183 $acr$2rdacarrier 200 00$aNarrativastransmedia $eentre teori?as y pra?cticas /$fDenis Porto Reno?, compilador 205 $aPrimera edicio?n. 210 $aBogota? $cEditorial Universidad del Rosario$d2012 215 $a1 online resource (241 p.) 225 1 $aColeccio?n Textos de ciencias humanas 311 08$a9789587382860 311 08$a9587382862 327 $aIntroduccio?n / Carolina Campalans, Denis Reno? y Vicente Gosciola -- Narrativa transmi?dia: conceituac?a?o e origens / Vicente Gosciola -- Da narratividade a? narrativa transmi?dia: a evoluc?a?o do processo comunicacional / Elizabeth Moraes Gonc?alves -- Dia?logos interactivos: la evolucio?n del a?gora digital / Fa?tima Marti?nez Gutierrez -- The Future of Transmedia and the Entertainment Industry / Nuno Bernardo -- Reflexiones sobre periodismo ciudadano y narrativa transmedia / Denis Reno? y Sandra Ruiz -- Transmidiac?a?o, entre o lu?dico e o narrativo / Yvana Fechine -- Breves reflexiones sobre narrativa audiovisual para televisio?n digital y plataformas transmedios / Cosette Castro -- Microconversaciones y microfi?sica del poder: la dimensio?n comunicativa de las poli?ticas pu?blicas y sociales en escenarios de transmediacio?n / Carolina Campalans Moncada -- La amenaza fantasma, o el crossmedia empoderiza al usuario ?Sobre crossmedia y derechos de autor / Joan Ramon Rodriguez-Amat y Katharine Sarikakis -- Lostologi?a. Narrativa transmedia?tica, estrategias crossmedia e hipertelevisio?n / Carlos A. Scolari -- O potencial transmidia?tico de Harry Potter e suas fanfictions / Andrea Cristina Versuti, Daniel David Alves da Silva, Daniella de Jesus Lima -- El french touch transmedia?tico: un inventario / Bruno Cailler y Celine Masoni Lacroix -- Transmedia, conectivismo y educacio?n: estudios de caso / Luciana Reno? -- Radiomorfose em contexto transmedia / Fernando Ramos, Aurora Garci?a, Johan van Haandel y Teresa Pin?eiro-Otero -- La contribucio?n de los blogs a la creacio?n de un periodismo transmedia / Juliana Colussi Ribeiro. 330 $aEste libro es parte de la colección e-Libro en BiblioBoard. 410 0$aColeccio?n Textos de ciencias humanas. 606 $aPeriodismo en internet 606 $aMedios de comunicacio?n de masas 606 $aInternet$xAspectos sociales 606 $aJournalism$xComputer network resources 606 $aMass media 606 $aInternet$xSocial aspects 608 $aElectronic books. 615 4$aPeriodismo en internet. 615 4$aMedios de comunicacio?n de masas. 615 4$aInternet$xAspectos sociales. 615 0$aJournalism$xComputer network resources. 615 0$aMass media. 615 0$aInternet$xSocial aspects. 676 $a070.40285 702 $aPorto Reno?$b Denis 712 02$ae-libro, Corp. 801 0$bMiAaPQ 801 1$bMiAaPQ 801 2$bMiAaPQ 906 $aBOOK 912 $a9910765702203321 996 $aNarrativastransmedia$93654290 997 $aUNINA